00813nam a2200265 a 4500001001300000003000900013005001700022008004100039020001000080082002200090100002200112245007600134260005800210300000800268500003500276505001000311650002700321650001800348650002700366700002200393902000800415942000700423952010200430999001500532nice12345678IN_TiNIC20260116011614.0050524s1939 dela grp 000 0 eng  ac10000a323.39710954bKHA aKhan, Liaquat Ali aWarb Problem of India`s Future Constitution, What Muslim India and Its aDelhibAll India Assot. for Christian Higher Edc1939 a81p aincludes index and biblioraphy2 aIndex aMuslims-India-Politics aMuslim League aIndia-History Mideaval1 aKhan, Liaquat Ali bSRS cBK 00104070aHMIbHMId2007-04-09g100.00l0o323.39710954 KHAp03182r2007-04-09w2026-01-16yEB c2849d2849